000 00940nam a22001817a 4500
008 121113t xxu||||| |||| 00| 0 eng d
020 _a013730580x
050 _aQA76.7.P7
100 _aPratt, Terrence W.
245 _aProgramming languages: design and implementation. /
_cTerrence W. Pratt
250 _a2nd ed.
260 _aNew Jersey:
_bPrentice-Hall,
_cc1975.
300 _axix,604 p.:
_bill.;
_c24cm.
500 _aIncludes index.
505 _aContents: Concepts: The Study of programming languages -- Programming language processors -- Elementary data types -- Structured data types -- Subprogrammer-defined data types -- Sequence control -- Data control -- Storage management -- Syntax and translation -- Operating and programming environments -- Theoretical models -- Languages: Fortran -- COBOL -- PL/I -- Pascal -- Ada -- LISP -- SNOBOL4 -- APL.
650 _bProgramming languages (Electronic computers)
942 _2lcc
_cBK
999 _c2514
_d10014